000 00522nam a2200229Ia 4500
003 OSt
005 20221005130628.0
006 a|||||r|||| 00| 0
007 ta
008 221004b |||||||| |||| 00| 0 mal d
024 _a58160
037 _cTextual
040 _aCRL
_cCRL
_bmal
041 _2mal
_amal
082 _aP32:2, L6
100 _aJohn
245 0 _aSabdasau bhagam
260 _c1976
650 _aLINGUISTICS
942 _hP32:2, L6
_cTEXL
_2cc
999 _c1057850
_d1057850